[Event "28th Czech Open A 2017"]
[Site "Pardubice CZE"]
[Date "2017.07.25"]
[Round "5.5"]
[White "Paravyan, David"]
[Black "Pavlov, Sergey2"]
[Result "0-1"]
[WhiteTitle "IM"]
[BlackTitle "IM"]
[WhiteElo "2531"]
[BlackElo "2467"]
[WhiteFideId "4194985"]
[BlackFideId "14114330"]
[EventDate "2017.07.21"]

1. e4 c5 2. Nf3 Nc6 3. d4 cxd4 4. Nxd4 Nf6 5. Nc3 e5 6. Ndb5 d6 7. Bg5 a6 8. Na3
Be6 9. Nc4 Rb8 10. Nd5 Bxd5 11. exd5 Ne7 12. Be2 b5 13. Ne3 Ne4 14. Bh4 Qa5+ 15.
c3 Ng6 16. Bg3 Be7 17. Bd3 Nxg3 18. hxg3 Nf8 19. b4 Qc7 20. c4 bxc4 21. Rc1 Rxb4
22. Nxc4 Qd8 23. a3 Rb5 24. Qa4 Nd7 25. Ne3 Ra5 26. Qb4 g6 27. Rc6 Nc5 28. Bc2
O-O 29. a4 Rxa4 30. Qc3 Rd4 31. O-O Bg5 32. Nc4 Rxd5 33. Nxd6 Ne6 34. Nxf7 Kxf7
35. f4 exf4 36. gxf4 Bf6 37. Qh3 Bd4+ 38. Rf2 Kg7 39. Qxe6 Rf6 0-1

[Event "28th Czech Open A 2017"]
[Site "Pardubice CZE"]
[Date "2017.07.25"]
[Round "5.6"]
[White "Westerberg, Jonathan"]
[Black "Plat, Vojtech"]
[Result "1/2-1/2"]
[WhiteTitle "IM"]
[BlackTitle "IM"]
[WhiteElo "2469"]
[BlackElo "2531"]
[WhiteFideId "1701754"]
[BlackFideId "325740"]
[EventDate "2017.07.21"]

1. d4 Nf6 2. Nf3 e6 3. e3 c5 4. Bd3 Nc6 5. O-O d6 6. c4 Be7 7. Nc3 O-O 8. b3 e5
9. h3 cxd4 10. exd4 exd4 11. Nb5 1/2-1/2

[Event "28th Czech Open A 2017"]
[Site "Pardubice CZE"]
[Date "2017.07.25"]
[Round "5.7"]
[White "Lalith, Babu M R"]
[Black "Abergel, Thal"]
[Result "1/2-1/2"]
[WhiteTitle "GM"]
[BlackTitle "GM"]
[WhiteElo "2530"]
[BlackElo "2464"]
[WhiteFideId "5024595"]
[BlackFideId "614890"]
[EventDate "2017.07.21"]

1. c4 Nf6 2. g3 e5 3. Bg2 d5 4. cxd5 Nxd5 5. Nc3 Nb6 6. Nf3 Nc6 7. O-O Be7 8. a3
Be6 9. b4 Nd4 10. Rb1 Nxf3+ 11. Bxf3 c6 12. b5 Rc8 13. bxc6 bxc6 14. d3 O-O 15.
Bb2 f6 16. a4 Bb4 17. Qc2 1/2-1/2

[Event "28th Czech Open A 2017"]
[Site "Pardubice CZE"]
[Date "2017.07.25"]
[Round "5.8"]
[White "Drozdowski, Kacper"]
[Black "Stefansson, Hannes"]
[Result "1/2-1/2"]
[WhiteTitle "IM"]
[BlackTitle "GM"]
[WhiteElo "2461"]
[BlackElo "2530"]
[WhiteFideId "1136720"]
[BlackFideId "2300087"]
[EventDate "2017.07.21"]

1. e4 e5 2. Nf3 Nc6 3. Bb5 Nf6 4. d3 Bc5 5. c3 O-O 6. O-O d6 7. h3 Ne7 8. d4 Bb6
9. Re1 Ng6 10. Nbd2 c6 11. Bf1 Re8 12. dxe5 dxe5 13. Qc2 h6 14. Nc4 Bc7 15. Rd1
Qe7 16. b3 Nh7 17. Ba3 Qf6 18. Nd6 Rd8 19. Nxc8 Raxc8 20. Rxd8+ Rxd8 21. Rd1
Nhf8 22. Rxd8 Qxd8 23. Qd2 Ne6 24. Qxd8+ Bxd8 25. g3 f6 26. h4 h5 27. Nd2 Be7
28. Bc4 Bxa3 29. Bxe6+ Kf8 30. Nc4 Bc1 31. Na5 Bd2 32. Nxb7 Bxc3 33. Bd7 Ne7 34.
Nc5 Kf7 35. Ne6 Ba5 36. a3 Bb6 37. b4 g6 38. a4 f5 39. a5 Bd4 40. Nd8+ Kf6 41.
exf5 gxf5 42. Nxc6 Nxc6 43. Bxc6 Bc3 44. b5 Bxa5 45. Be8 Bb6 46. Bxh5 e4 47. Kg2
Ke5 48. Bd1 Bd8 49. f3 exf3+ 50. Kxf3 Kf6 51. Bc2 Bc7 52. Bd3 Bd6 1/2-1/2

[Event "28th Czech Open A 2017"]
[Site "Pardubice CZE"]
[Date "2017.07.25"]
[Round "5.9"]
[White "Noe, Christopher"]
[Black "Geller, Jakov"]
[Result "1/2-1/2"]
[WhiteTitle "IM"]
[BlackTitle "GM"]
[WhiteElo "2451"]
[BlackElo "2519"]
[WhiteFideId "24692018"]
[BlackFideId "4151984"]
[EventDate "2017.07.21"]

1. d4 d5 2. Nf3 Nf6 3. c4 c6 4. e3 e6 5. Nc3 Nbd7 6. Bd3 dxc4 7. Bxc4 b5 8. Bd3
Bd6 9. O-O O-O 10. e4 e5 11. h3 Re8 12. Re1 Qc7 13. Bg5 exd4 14. Nxd4 h6 15.
Bxf6 Nxf6 16. Rc1 Qb6 17. Nxc6 Qxc6 18. Nxb5 Bc5 19. b4 Bxf2+ 20. Kxf2 Qb6+ 21.
Kf1 Ba6 22. a4 Rad8 23. Qf3 Re6 24. e5 Bb7 25. a5 Bxf3 26. axb6 Rxb6 27. Re3 Bc6
28. Nxa7 Nd5 29. Nxc6 Nxe3+ 30. Ke2 Rxd3 31. Kxd3 Nd5 32. Ke4 1/2-1/2

[Event "28th Czech Open A 2017"]
[Site "Pardubice CZE"]
[Date "2017.07.25"]
[Round "5.10"]
[White "Matviishen, Viktor"]
[Black "Schlosser, Philipp"]
[Result "1/2-1/2"]
[WhiteTitle "FM"]
[BlackTitle "GM"]
[WhiteElo "2404"]
[BlackElo "2516"]
[WhiteFideId "14129850"]
[BlackFideId "4600169"]
[EventDate "2017.07.21"]

1. d4 Nf6 2. c4 e6 3. Nf3 b6 4. g3 Ba6 5. Qc2 Bb7 6. Bg2 c5 7. O-O Be4 8. Qd1
cxd4 9. Nbd2 Bb7 10. Nxd4 Bxg2 11. Kxg2 Bc5 12. N2b3 Be7 13. Nb5 O-O 14. Bf4 a6
15. Nc3 d6 16. Nd2 Qc7 17. Rc1 Nbd7 18. Nde4 Nxe4 19. Nxe4 Qc6 20. f3 Nc5 21.
Nc3 Rfd8 22. e4 Rac8 23. Rf2 Nd7 24. b3 Nf6 25. Rd2 h6 26. Be3 b5 27. cxb5 axb5
28. a4 bxa4 29. bxa4 Qa6 30. Qb3 Rc6 31. Rdc2 Ra8 32. Nb5 Rxc2+ 33. Qxc2 Qxa4
34. Qxa4 Rxa4 35. Rc8+ Kh7 36. Rc7 Ng8 37. Rd7 Ra2+ 38. Kg1 Ra6 39. Bf4 Ra1+ 40.
Kg2 Ra2+ 41. Kg1 Ra1+ 1/2-1/2

[Event "28th Czech Open A 2017"]
[Site "Pardubice CZE"]
[Date "2017.07.25"]
[Round "5.11"]
[White "Potapov, Alexander1"]
[Black "Tilicheev, Viacheslav"]
[Result "0-1"]
[WhiteTitle "GM"]
[BlackTitle "FM"]
[WhiteElo "2402"]
[BlackElo "2497"]
[WhiteFideId "4115074"]
[BlackFideId "24114928"]
[EventDate "2017.07.21"]

1. d4 d5 2. c4 c6 3. Nc3 Nf6 4. e3 e6 5. Nf3 Nbd7 6. Bd3 dxc4 7. Bxc4 b5 8. Bd3
Bb7 9. O-O a6 10. e4 c5 11. e5 cxd4 12. Nxb5 axb5 13. exf6 Qb6 14. fxg7 Bxg7 15.
Bf4 Nc5 16. Re1 Rd8 17. Rc1 Rd5 18. b4 Nxd3 19. Qxd3 O-O 20. Be5 Qd8 21. Bxg7
Kxg7 22. Re4 Rg8 23. Rxd4 Kh8 24. Rxd5 Qxd5 25. Qxd5 Bxd5 26. Rc3 Bxa2 27. Ne5
f6 28. Nd7 Rg4 29. Nxf6 Rxb4 30. f3 Kg7 31. Ne4 Rb2 32. h4 b4 33. Rc7+ Kg6 34.
Kh2 h5 35. Rc5 Bd5 36. Rb5 b3 37. Nc5 Bxf3 38. Nxe6 Rxg2+ 39. Kh3 Rb2 40. Kg3
Bd1 41. Nf4+ Kh6 42. Rb6+ Kg7 43. Nd5 Bc2 44. Rb7+ Kf8 45. Kf4 Rb1 46. Nc3 Rg1
47. Ke5 Rg4 48. Rb8+ Kf7 49. Rb7+ Ke8 50. Nd5 Rxh4 51. Nf6+ Kd8 52. Kd6 Rd4+ 53.
Ke5 Ra4 54. Nd5 h4 55. Rb8+ Kd7 56. Rb7+ Kc6 57. Rc7+ Kb5 58. Nc3+ Kb6 59. Nd5+
Ka6 60. Rc6+ Kb7 61. Rc7+ Kb8 62. Rc6 Ra7 63. Rh6 Rh7 64. Rb6+ Ka7 65. Rb4 h3
66. Ra4+ Kb8 67. Rb4+ Rb7 68. Rh4 b2 69. Nc3 Rh7 70. Rb4+ Kc8 71. Rxb2 h2 72.
Rxc2 h1=Q 73. Nd5+ Kd8 0-1

[Event "28th Czech Open A 2017"]
[Site "Pardubice CZE"]
[Date "2017.07.25"]
[Round "5.12"]
[White "Das, Sayantan"]
[Black "Gutman, Gennadi"]
[Result "1/2-1/2"]
[WhiteTitle "IM"]
[BlackTitle "GM"]
[WhiteElo "2399"]
[BlackElo "2480"]
[WhiteFideId "5034426"]
[BlackFideId "14102277"]
[EventDate "2017.07.21"]

1. e4 c5 2. Nf3 e6 3. d4 cxd4 4. Nxd4 Nf6 5. Nc3 Nc6 6. Ndb5 Bb4 7. a3 Bxc3+ 8.
Nxc3 d5 9. exd5 exd5 10. Bd3 O-O 11. O-O d4 12. Ne2 Bg4 13. f3 Bh5 14. Bg5 Qd6
15. Qd2 Rfe8 16. Qf4 Rad8 17. Bxf6 Qxf6 18. Qxf6 gxf6 19. Nf4 Bg6 20. h4 Re3 21.
Rfd1 Ne5 22. h5 Bxd3 23. cxd3 Kg7 24. Kf2 Kh6 25. Rd2 Kg5 26. Nh3+ Kxh5 27. Rh1
Kg6 28. Nf4+ Kg7 29. Nh5+ Kf8 30. Rhd1 f5 31. Ng3 f4 32. Ne2 Ng6 33. Rc1 Rd7 34.
Rc4 Kg7 35. Nxd4 Kf6 36. Ne2 Rexd3 37. Rdc2 Kg5 38. Rc5+ f5 39. Rb5 b6 40. Rb4
Rd1 41. Rb5 R1d2 42. Rxd2 Rxd2 43. Ke1 Rd6 44. Ng1 Kf6 45. Ne2 Ke6 46. Rb4 Ke5
47. Rb5+ Rd5 48. Rb4 h5 49. Kf2 Rc5 50. Ke1 h4 51. Kd2 Rd5+ 52. Kc2 Rd7 53. Nc1
Kf6 54. Nd3 h3 55. gxh3 Kg5 56. Ra4 Rh7 57. Kd2 a5 58. b4 Rxh3 59. bxa5 bxa5 60.
Ke2 Rh2+ 61. Kd1 Nh4 62. Ne5 Ng2 63. Rxa5 Ne3+ 64. Ke1 Ra2 65. Ra6 Rxa3 66. Rxa3
Nc2+ 67. Kf2 Nxa3 68. Nd3 Nc4 69. Nc5 1/2-1/2

[Event "28th Czech Open A 2017"]
[Site "Pardubice CZE"]
[Date "2017.07.25"]
[Round "5.13"]
[White "Piscopo, Pierluigi"]
[Black "Puranik, Abhimanyu"]
[Result "1/2-1/2"]
[WhiteTitle "IM"]
[BlackTitle "IM"]
[WhiteElo "2396"]
[BlackElo "2479"]
[WhiteFideId "809152"]
[BlackFideId "5061245"]
[EventDate "2017.07.21"]

1. Nf3 Nf6 2. c4 c6 3. d4 g6 4. Nc3 d5 5. cxd5 cxd5 6. Bf4 Nc6 7. e3 Bg7 8. h3
O-O 9. Be2 a6 10. O-O b5 11. Ne5 Bb7 12. Nxc6 Bxc6 13. Qb3 Qd7 1/2-1/2

[Event "28th Czech Open A 2017"]
[Site "Pardubice CZE"]
[Date "2017.07.25"]
[Round "5.14"]
[White "Vorobiov, Evgeny E."]
[Black "Spalir, Jernej"]
[Result "1/2-1/2"]
[WhiteTitle "GM"]
[BlackTitle "FM"]
[WhiteElo "2585"]
[BlackElo "2342"]
[WhiteFideId "4121341"]
[BlackFideId "14606518"]
[EventDate "2017.07.21"]

1. Nf3 d5 2. g3 Nf6 3. Bg2 c6 4. O-O Bg4 5. d3 Nbd7 6. h3 Bh5 7. Qe1 e5 8. e4
dxe4 9. dxe4 Bc5 10. a4 a5 11. Nbd2 O-O 12. Nc4 Bxf3 13. Bxf3 Bb4 14. c3 Bc5 15.
Qe2 Qe7 16. Bg5 h6 17. Bd2 Qe6 18. Bg2 Nb6 19. Nxb6 1/2-1/2

[Event "28th Czech Open A 2017"]
[Site "Pardubice CZE"]
[Date "2017.07.25"]
[Round "5.15"]
[White "Kozak, Adam"]
[Black "Brkic, Ante"]
[Result "1/2-1/2"]
[WhiteTitle "IM"]
[BlackTitle "GM"]
[WhiteElo "2414"]
[BlackElo "2565"]
[WhiteFideId "753246"]
[BlackFideId "14506688"]
[EventDate "2017.07.21"]

1. d4 Nf6 2. c4 e6 3. Nf3 d5 4. Nc3 a6 5. cxd5 exd5 6. Bg5 Be6 7. e3 Nbd7 8. Be2
Bd6 9. O-O O-O 10. Rc1 c6 11. Qc2 Qc7 12. Bh4 h6 13. Bg3 Bxg3 14. hxg3 Qd6 15.
Bd3 Rfe8 16. Rfe1 Re7 17. Nd2 g6 18. Na4 Rae8 19. Nc5 Nxc5 20. Qxc5 Qd7 21. Qc2
Kg7 22. b4 Qd6 23. Qc3 h5 24. Nf3 Rh8 25. a4 Qd8 26. Rb1 Rc7 27. Rec1 Rc8 28.
Qc5 Ng4 29. Qc2 h4 30. gxh4 Rxh4 31. g3 Rh5 32. Kg2 Qf6 33. Rh1 Rch8 34. Qe2 g5
35. Rxh5 Rxh5 36. Rh1 Qh6 37. Rxh5 Qxh5 38. Qc2 Nh6 39. Ng1 Ng4 40. Nf3 Nh6 41.
Ng1 Ng4 1/2-1/2

[Event "28th Czech Open A 2017"]
[Site "Pardubice CZE"]
[Date "2017.07.25"]
[Round "5.16"]
[White "Lintchevski, Daniil"]
[Black "Bryzgalin, Kirill"]
[Result "1/2-1/2"]
[WhiteTitle "GM"]
[BlackTitle "GM"]
[WhiteElo "2562"]
[BlackElo "2424"]
[WhiteFideId "4171055"]
[BlackFideId "4133285"]
[EventDate "2017.07.21"]

1. d4 d5 2. c4 c6 3. Nf3 Nf6 4. Nc3 a6 5. e3 Bf5 6. Ne5 h6 7. Qb3 Ra7 8. cxd5
cxd5 9. Bd2 e6 10. Rc1 Nbd7 11. Bb5 Bd6 12. Nxd7 Nxd7 13. Bxd7+ Kxd7 14. Ne2 b6
15. Bb4 Qe7 16. Qa4+ b5 17. Bxd6 bxa4 18. Bxe7 Kxe7 19. Nc3 Rc8 20. Kd2 Rc4 21.
a3 Rac7 22. f3 Bh7 23. g4 Kd6 24. Rhf1 1/2-1/2

[Event "28th Czech Open A 2017"]
[Site "Pardubice CZE"]
[Date "2017.07.25"]
[Round "5.17"]
[White "Dvoirys, Semen I."]
[Black "Vokac, Marek"]
[Result "1/2-1/2"]
[WhiteTitle "GM"]
[BlackTitle "GM"]
[WhiteElo "2552"]
[BlackElo "2412"]
[WhiteFideId "4100379"]
[BlackFideId "300101"]
[EventDate "2017.07.21"]

1. e4 g6 2. d4 Bg7 3. Nc3 d6 4. Be3 a6 5. Qd2 b5 6. f3 Bb7 7. a4 c6 8. Nge2 Nd7
9. d5 cxd5 10. Nxd5 Ngf6 11. Nxf6+ Nxf6 12. Nd4 O-O 13. axb5 axb5 14. Rxa8 Qxa8
15. Nxb5 Rc8 16. Bd3 d5 17. e5 Nd7 18. f4 Qa1+ 19. Qc1 Qa5+ 20. Qd2 Qa1+ 21. Qc1
Qa5+ 22. Kf2 d4 23. Bxd4 Nc5 24. Qe3 Nxd3+ 25. Qxd3 Qa8 26. Nc3 1/2-1/2

[Event "28th Czech Open A 2017"]
[Site "Pardubice CZE"]
[Date "2017.07.25"]
[Round "5.18"]
[White "Frolov, Artur"]
[Black "Babula, Vlastimil"]
[Result "0-1"]
[WhiteTitle "IM"]
[BlackTitle "GM"]
[WhiteElo "2410"]
[BlackElo "2551"]
[WhiteFideId "14100134"]
[BlackFideId "301264"]
[EventDate "2017.07.21"]

1. e4 c5 2. Nf3 e6 3. d4 cxd4 4. Nxd4 a6 5. Nc3 Qc7 6. Bd3 b5 7. O-O Bb7 8. Qe2
Nf6 9. e5 b4 10. Ncb5 axb5 11. exf6 gxf6 12. Nxb5 Qb6 13. Be3 Bc5 14. Qg4 Na6
15. Bxc5 Qxc5 16. Kh1 Ke7 17. f3 Rhg8 18. Qf4 Qe5 19. Qxe5 fxe5 20. Bxh7 Rgc8
21. Bd3 Nc5 22. Be2 Na4 23. c3 bxc3 24. bxc3 Nxc3 25. Nxc3 Rxc3 26. a4 Ba6 27.
Bxa6 Rxa6 28. Rfe1 f6 29. Ra2 d5 30. a5 f5 31. Kg1 e4 32. Kf2 Rc5 33. fxe4 fxe4
34. Rea1 Kf6 35. h4 Kf5 36. Ke3 Rc3+ 37. Kf2 e5 38. Rh1 Kg6 39. g4 d4 40. Re1
Rf3+ 41. Kg2 Rf4 42. Kg3 e3 43. Rd1 Rf7 44. Re1 e4 45. Ra4 Rf3+ 46. Kg2 Rf2+ 47.
Kg1 Rd2 48. Raa1 Rf6 49. a6 Rff2 50. a7 Rg2+ 51. Kh1 Rh2+ 52. Kg1 Rdg2+ 53. Kf1
Rxg4 54. Ra6+ Kg7 55. Rxe3 dxe3 56. a8=Q Rf2+ 0-1

[Event "28th Czech Open A 2017"]
[Site "Pardubice CZE"]
[Date "2017.07.25"]
[Round "5.19"]
[White "Demidov, Mikhail"]
[Black "Bruedigam, Martin"]
[Result "1-0"]
[WhiteTitle "IM"]
[BlackTitle "FM"]
[WhiteElo "2524"]
[BlackElo "2410"]
[WhiteFideId "4197143"]
[BlackFideId "24608033"]
[EventDate "2017.07.21"]

1. Nf3 Nf6 2. g3 e6 3. Bg2 b6 4. d3 d5 5. c4 Bb7 6. O-O dxc4 7. dxc4 Bd6 8. Nc3
Qc8 9. Bg5 Nbd7 10. Nb5 Be7 11. Bf4 Bd8 12. Qc2 Be4 13. Qd2 O-O 14. Rad1 a6 15.
Nc3 Bb7 16. Qc2 Nc5 17. b4 Nce4 18. Ne5 Nxc3 19. Qxc3 Bxg2 20. Kxg2 c5 21. Qf3
cxb4 22. Rd3 Be7 23. Rfd1 Kh8 24. Bg5 Ng8 25. Bxe7 Nxe7 26. Nd7 Ng6 27. Rd6 Rd8
28. Nxb6 1-0

[Event "28th Czech Open A 2017"]
[Site "Pardubice CZE"]
[Date "2017.07.25"]
[Round "5.20"]
[White "Krejci, Jan2"]
[Black "Janzelj, Tim"]
[Result "1-0"]
[WhiteTitle "GM"]
[WhiteElo "2519"]
[BlackElo "2391"]
[WhiteFideId "322156"]
[BlackFideId "14607913"]
[EventDate "2017.07.21"]

1. d4 Nf6 2. Nf3 g6 3. c4 Bg7 4. g3 O-O 5. Bg2 a6 6. Nc3 d6 7. O-O Nc6 8. Re1
Rb8 9. Rb1 Nd7 10. b4 e5 11. d5 Ne7 12. e4 f5 13. Ng5 Nf6 14. c5 fxe4 15. Ncxe4
Nxe4 16. Nxe4 Nf5 17. a4 Nd4 18. Bg5 Qd7 19. Rc1 Kh8 20. Be3 dxc5 21. Nxc5 Qf7
22. Nd3 Nf5 23. Bd2 Nd4 24. f4 e4 25. Rxe4 Qxd5 26. Bc3 Bh3 27. Bh1 Rbd8 28. Nf2
Bf5 29. Rxd4 Qxd4 30. Bxd4 Bxd4 31. Qf3 Rfe8 32. Kf1 Be3 33. Re1 1-0

[Event "28th Czech Open A 2017"]
[Site "Pardubice CZE"]
[Date "2017.07.25"]
[Round "5.21"]
[White "Debashis, Das"]
[Black "Nasanjargal, Urtnasan"]
[Result "0-1"]
[WhiteTitle "GM"]
[BlackTitle "FM"]
[WhiteElo "2505"]
[BlackElo "2381"]
[WhiteFideId "5024854"]
[BlackFideId "4900774"]
[EventDate "2017.07.21"]

1. Nf3 Nf6 2. c4 g6 3. Nc3 Bg7 4. d4 O-O 5. e4 d6 6. Be2 e5 7. Be3 c6 8. O-O
exd4 9. Nxd4 Re8 10. Qc2 Qe7 11. Bf3 Nbd7 12. Rfe1 Ne5 13. Be2 Neg4 14. Bg5 Nxf2
15. Nf5 gxf5 16. exf5 Qe5 17. Bf3 N2e4 18. Nxe4 Bxf5 19. Bxf6 Bxf6 20. Nxf6+
Qxf6 21. Qf2 Bg6 22. Rad1 Rad8 23. Rxe8+ Rxe8 24. b3 a6 25. Qd2 Qe5 26. h3 Re6
27. Qb4 Bc2 28. Rf1 Bd3 29. Rd1 Be2 30. Bxe2 Qxe2 31. Rf1 Rg6 32. Rf2 Qd1+ 33.
Kh2 Qd4 34. Re2 b5 35. a4 Qf4+ 36. Kg1 Qc1+ 37. Kh2 c5 38. Qd2 Qxd2 39. Rxd2
bxc4 40. bxc4 Kf8 41. g4 Ke7 42. Kg3 h5 43. Rb2 hxg4 44. h4 f5 45. Rb6 Re6 46.
Kf4 Kf6 47. Rxa6 Re4+ 48. Kg3 Ke5 49. a5 Re3+ 50. Kg2 Rh3 51. Ra8 Rxh4 52. a6
Rh7 53. Kg3 Rh3+ 54. Kf2 Ra3 0-1

[Event "28th Czech Open A 2017"]
[Site "Pardubice CZE"]
[Date "2017.07.25"]
[Round "5.22"]
[White "Sindarov, Javokhir"]
[Black "Sychev, Klementy"]
[Result "1/2-1/2"]
[WhiteTitle "CM"]
[BlackTitle "IM"]
[WhiteElo "2383"]
[BlackElo "2494"]
[WhiteFideId "14205483"]
[BlackFideId "4114060"]
[EventDate "2017.07.21"]

1. e4 c5 2. Nc3 Nc6 3. g3 g6 4. Bg2 Bg7 5. d3 d6 6. Be3 Rb8 7. Nge2 Nd4 8. O-O
e6 9. Qd2 Ne7 10. Nd1 Nxe2+ 11. Qxe2 O-O 12. Qd2 e5 13. f4 b6 14. Nc3 Be6 15.
Rae1 Qd7 16. Nd5 Nxd5 17. exd5 Bf5 18. fxe5 Bxe5 19. Bf4 Bh8 20. Be4 Bg4 21. Bg5
f6 22. Bh6 Rfe8 23. Bg2 Rbd8 24. c3 Bf5 25. d4 c4 26. Rf2 Bd3 27. Rf3 Rxe1+ 28.
Qxe1 Re8 29. Re3 Kf7 30. h4 Rxe3 31. Qxe3 f5 32. b3 b5 33. Bf3 Bf6 34. Be2 Bb1
35. bxc4 Bxa2 36. cxb5 Bxd5 37. Bg5 Bg7 38. Kh2 Be4 39. c4 h5 40. c5 dxc5 41.
dxc5 Bd4 42. Qb3+ Kg7 43. c6 Qd6 44. Qd1 Qc5 45. c7 Bb7 46. Bf4 Qc3 47. Kh3 Kg8
48. Bf1 Qb2 49. Qe1 Kh7 50. Qe7+ Bg7 51. Qc5 Qb1 52. Bg2 Bxg2+ 53. Kxg2 Qe4+ 54.
Kh2 Qe2+ 55. Kh1 Qe4+ 56. Kh2 Qe2+ 57. Kg1 Qe1+ 58. Kg2 Qe4+ 59. Kf1 Qd3+ 60.
Kg2 Qe4+ 1/2-1/2

[Event "28th Czech Open A 2017"]
[Site "Pardubice CZE"]
[Date "2017.07.25"]
[Round "5.23"]
[White "Gurevich, Daniel"]
[Black "Rahul, Srivatshav P"]
[Result "0-1"]
[WhiteTitle "IM"]
[WhiteElo "2472"]
[BlackElo "2295"]
[WhiteFideId "2044676"]
[BlackFideId "25059653"]
[EventDate "2017.07.21"]

1. e4 c5 2. Nf3 e6 3. d4 cxd4 4. Nxd4 Nc6 5. Nc3 Qc7 6. Be3 a6 7. Qf3 Nf6 8. Qg3
Qxg3 9. hxg3 Ng4 10. Nxc6 Nxe3 11. Nd4 Nxf1 12. Kxf1 b5 13. e5 Bb7 14. Re1 Bc5
15. Nb3 Bb4 16. Re3 Rc8 17. Rh4 Bxc3 18. Rxc3 Rxc3 19. bxc3 Bd5 20. Nc5 Bxa2 21.
Nxa6 Ke7 22. Ke2 Ra8 23. Nc5 h6 24. Rg4 Bc4+ 25. Kd2 d6 26. Ne4 dxe5 27. Rxg7
Bd5 28. f3 Ra1 29. Rh7 Rg1 30. Ke3 Rxg2 31. Rxh6 Rxc2 32. Rh5 Bxe4 33. Kxe4 Rxc3
34. Rxe5 f5+ 35. Kf4 Kf6 36. Rxb5 e5+ 37. Rxe5 Rc4+ 0-1

[Event "28th Czech Open A 2017"]
[Site "Pardubice CZE"]
[Date "2017.07.25"]
[Round "5.26"]
[White "Sadhwani, Raunak"]
[Black "Haba, Petr"]
[Result "1/2-1/2"]
[WhiteTitle "FM"]
[BlackTitle "GM"]
[WhiteElo "2314"]
[BlackElo "2432"]
[WhiteFideId "35093487"]
[BlackFideId "300160"]
[EventDate "2017.07.21"]

1. e4 c5 2. Nf3 e6 3. d4 cxd4 4. Nxd4 Nc6 5. Nc3 Qc7 6. Be3 a6 7. Be2 Nf6 8. O-O
Bb4 9. Na4 Be7 10. Nxc6 bxc6 11. Nb6 Rb8 12. Nxc8 Qxc8 13. Bd4 c5 14. Be5 Rb6
15. b3 Nxe4 16. Bxg7 Rg8 17. Bb2 Qc7 18. Bd3 Bf6 19. Bxf6 Nxf6 20. f4 d5 21. Qe2
d4 22. Rf3 Nd5 23. Raf1 Kf8 24. Bxa6 1/2-1/2

[Event "28th Czech Open A 2017"]
[Site "Pardubice CZE"]
[Date "2017.07.25"]
[Round "5.27"]
[White "Cawdery, Daniel"]
[Black "Reuker, Jari"]
[Result "1-0"]
[WhiteTitle "IM"]
[WhiteElo "2426"]
[BlackElo "2275"]
[WhiteFideId "14300249"]
[BlackFideId "12909300"]
[EventDate "2017.07.21"]

1. e4 c5 2. Nf3 e6 3. d4 cxd4 4. Nxd4 Nc6 5. Nc3 Qc7 6. Be2 a6 7. O-O Nf6 8. Be3
Bb4 9. Nxc6 bxc6 10. f4 Bxc3 11. bxc3 Nxe4 12. Bf3 Nf6 13. Bc5 d5 14. Qd4 a5 15.
Rfe1 Ba6 16. f5 Kd7 17. fxe6+ fxe6 18. Re5 Rae8 19. Rae1 h5 20. h3 Bc4 21. a4
Ba2 22. Be2 Rb8 23. Bd3 Rb1 24. Rxe6 Rxe1+ 25. Rxe1 Qg3 26. Bf5+ Kc7 27. Re7+
Kd8 28. Re3 1-0

[Event "28th Czech Open A 2017"]
[Site "Pardubice CZE"]
[Date "2017.07.25"]
[Round "5.28"]
[White "Maslak, Konstantin"]
[Black "Jeet, Jain"]
[Result "1-0"]
[WhiteTitle "GM"]
[WhiteElo "2566"]
[BlackElo "2191"]
[WhiteFideId "4130901"]
[BlackFideId "5073022"]
[EventDate "2017.07.21"]

1. c4 e6 2. Nf3 d5 3. e3 Nf6 4. b3 Be7 5. Bb2 O-O 6. Qc2 c5 7. Be2 Nc6 8. a3 a5
9. cxd5 Nxd5 10. O-O Qc7 11. Nc3 b6 12. Rac1 Bb7 13. Nxd5 exd5 14. d4 Qd6 15.
dxc5 Qxc5 16. Qf5 Qd6 17. Rfd1 Nd8 18. Bd3 g6 19. Qg4 Ne6 20. Be5 Qxa3 21. Bxg6
hxg6 22. Qh3 f5 23. Qh8+ Kf7 24. Qh7+ Ke8 25. Qxg6+ Kd7 26. Nd4 Nxd4 27. Rc7+
Kd8 28. exd4 Qxb3 29. Rdc1 Rc8 30. Rxc8+ Bxc8 31. Bc7+ 1-0

[Event "28th Czech Open A 2017"]
[Site "Pardubice CZE"]
[Date "2017.07.25"]
[Round "5.29"]
[White "Sodoma, Jan"]
[Black "Deac, Bogdan-Daniel"]
[Result "1/2-1/2"]
[WhiteTitle "IM"]
[BlackTitle "GM"]
[WhiteElo "2351"]
[BlackElo "2579"]
[WhiteFideId "323195"]
[BlackFideId "1226380"]
[EventDate "2017.07.21"]

1. d4 Nf6 2. c4 e6 3. Nc3 Bb4 4. Qc2 b6 5. e4 c5 6. e5 cxd4 7. a3 Bxc3+ 8. bxc3
Ng8 9. cxd4 Bb7 10. Nf3 Ne7 11. Be2 Nbc6 12. Bd2 Rc8 13. O-O Nf5 14. Bc3 Nce7
15. Qa4 Qc7 16. Rac1 Bc6 17. Qa6 Qb7 18. Qxb7 Bxb7 19. Nd2 d5 20. exd6 Nxd6 21.
a4 Ba6 22. Bb4 Ndf5 23. Nb3 Nc6 24. Bc3 Nd6 25. Bb2 Nd8 26. Nd2 Kd7 27. Rfd1
N8b7 28. Rc2 Na5 29. Rdc1 f6 30. Kf1 Rc7 31. c5 Bxe2+ 32. Kxe2 Rhc8 33. Bc3 Ndb7
34. cxb6 axb6 35. Kd3 Nc4 36. Nxc4 Rxc4 37. Bb4 Rxc2 38. Rxc2 Ra8 39. Ra2 Nd8
40. Kc4 Kc6 41. Ra3 Ra6 42. a5 b5+ 43. Kd3 Kd7 44. Rb3 Ra7 45. Bd2 Kc6 46. Rc3+
Kb7 47. Rc5 Ka6 48. Bb4 Rd7 49. Ke3 h5 50. h4 Rd5 51. Rc7 e5 52. dxe5 Rxe5+ 53.
Kd3 g5 54. hxg5 fxg5 55. g3 g4 56. Kc3 Re6 57. Rh7 Nc6 58. Rxh5 Re4 59. Bf8 Kxa5
60. Rf5 Rc4+ 61. Kb2 Nd4 62. Rf4 Nf3 63. Rf7 Ne5 64. Rf5 Nf3 65. Rf7 Kb6 66.
Rf6+ Kc7 67. Rf5 Kc6 68. Rf6+ Kd7 69. Rf5 Nd4 70. Rf4 Ne6 71. Rf7+ Kd8 72. f3
Nd4 73. fxg4 Rc2+ 74. Kb1 Rg2 75. Bd6 Ke8 76. Re7+ Kd8 77. Re4 Ne2 78. Re3 Kd7
79. Be5 Ke6 80. Bb2+ Kf7 81. Rb3 1/2-1/2